| 000 | 00361 a2200121 4500 | ||
|---|---|---|---|
| 001 | ART_13087 | ||
| 005 | 20260410161735.0 | ||
| 008 | 260409a | ||
| 245 | 1 | 0 | _aAntes y después del IVA generalizado |
| 100 | 1 | _aYemma, Juan Carlos | |
| 700 | 1 | _aAsiain, Jorge | |
| 773 | 0 |
_tEjecutivos de finanzas _g- Año 7, Nº 63 (feb./mar. 1990) _wREV2863 |
|
| 999 |
_c18222 _d18222 |
||